Hodnoty Európanov a vzťah k spoločnému trhu diplomová práca

Saved in:
Bibliographic Details
Main Author: Lukáčová, Katarína
Corporate Author: Fakulta medzinárodných vzťahov EU. Katedra medzinárodných politických vzťahov
Other Authors: Štefancová, Viera
Format: Book
Language:Slovak
Published: Bratislava 2018
Tags: Add Tag
No Tags, Be the first to tag this record!

MARC

LEADER 00000nbm a2200000 4500
001 0244485
005 20180806121434.9
041 0 |a slo 
044 |a SK 
245 1 0 |a Hodnoty Európanov a vzťah k spoločnému trhu  |b diplomová práca  |c Katarína Lukáčová ; školiteľ: Viera Štefancová 
264 1 |a Bratislava  |c 2018 
300 |a 95 s. 
100 1 |a Lukáčová, Katarína 
700 1 |a Štefancová, Viera 
710 2 |a Fakulta medzinárodných vzťahov EU. Katedra medzinárodných politických vzťahov